Statistics for Minitoon’s Roblox Piggy quiz

Click here to take the quiz!

General Stats

  • This quiz has been taken 868 times
  • The average score is 14 of 19

Answer Stats

HintAnswer% Correct
The dadFather/ Daddy Pig
92%
The momMother/ Mummy Pig
92%
A GiraffeGiraffy
91%
The last pig in the family so farGrandmother/ Grandma Pig
87%
Is in love with ZizzyPony
87%
Is in love with PonyZizzy
85%
A Helper who sacrificed in the Metro MapBunny
81%
He was a police officer, helped you, drank a potion, and got infectedDoggy
80%
The main character.Piggy/Penny
79%
A character you can get just by dodging the lasers in chapter 10Poley
78%
Granny’s husband but zombieZompiggy
77%
Parasite but ite is removed from the wordParasee
76%
Giraffy’s love of his life (not rlly)Mimi
74%
Has a bionic green arm and holds a saber with acid in it.Badgy
73%
George’s favorite animalDinopiggy
68%
JACKHAMMER IN YO FACEBilly
59%
He was missing until zizzy and the survivor found himLittle Brother / George pig
57%
A character that represents one of the PalsSketchy
40%
Kills you with her fistSkelly
32%

Score Distribution

Percentile by Number Answered

Percent of People with Each Score

Your Score History

You have not taken this quiz